000 00927nam a22003017a 4500
001 BR2012008071
003 BR-BrBNA
005 20230928104100.0
007 ta
008 230509b bl.||||| |||| 00| 0 por d
040 _aBR-BrBNA
_bpor
_cBiblioteca Nacional de Agricultura
041 _a(Eng)
072 _aF02
_b2790
090 _ 2790 BR2012008071
100 1 _aSilva, L.C.
110 1 _aUniversidade Federal de Lavras, MG (Brasil)
_0Tese (Mestrado)
245 1 _aByrsonima intermedia A. Juss: in vitro culture and cryopreservation of seeds and shoots
260 3 _aLavras, MG (Brasil):
_c2012.
300 _a102 p.
500 _aSummaries (Eng, Por); Several bibliography; 22 illus.; 5 tables
650 _aPLANTA MEDICINAL
650 _aCULTURA IN VITRO
650 _aCULTURA DE EMBRIÃO
650 _aCRIOPRESERVAÇÃO
650 _aBROTAÇÃO
909 _a202309
_bLucia
_c55
_dLucia Elande
942 _cBK
999 _c78027
_d78027